[Event "US op 124th"]
[Site "Norfolk"]
[Date "2024.07.29"]
[Round "3"]
[White "Gilruth, Peter"]
[Black "Hoffman, Guy"]
[Result "1-0"]
[WhiteElo "1990"]
[BlackElo "1854"]
[PlyCount "77"]
[EventDate "2024.07.27"]
[EventType "swiss"]
[EventRounds "9"]
[EventCountry "USA"]
[SourceTitle "EXT 2025"]
[Source "ChessBase"]
[SourceDate "2024.10.14"]
[SourceVersion "1"]
[SourceVersionDate "2024.10.14"]
[SourceQuality "1"]

1. Nf3 d5 2. d4 Nf6 3. g3 e6 4. Bg2 c5 5. 0-0 Nc6 6. c4 dxc4 7. Qa4 Bd7 8. Qxc4 cxd4 9. Nxd4 Rc8 10. Rd1 Be7 11. Nxc6 bxc6 12. Nc3 0-0 13. b3 Nd5 14. Bb2 Bf6 15. e4 Nb6 16. Qe2 e5 17. Rac1 Qe7 18. Qa6 Be6 19. Ba3 c5 20. Nb5 Bg5 21. Nxa7 Bxc1 22. Nxc8 Bxc8 23. Qa5 Bxa3 24. Qxa3 Rd8 25. Rc1 Qc7 26. Bf1 Nd7 27. Rd1 Bb7 28. f3 Qb6 29. Bc4 Bc6 30. Qb2 Bb5 31. Bd5 c4+ 32. Kg2 Nf6 33. bxc4 Nxd5 34. Rxd5 Rxd5 35. exd5 Kf8 36. Qb4+ Ke8 37. Qxb5+ Qxb5 38. cxb5 Kd7 39. b6 1-0

[Event "US op 124th"]
[Site "Norfolk"]
[Date "2024.07.27"]
[Round "1"]
[White "Banta, Robert Lance"]
[Black "Gilruth, Peter"]
[Result "0-1"]
[WhiteElo "1724"]
[BlackElo "1990"]
[PlyCount "96"]
[EventDate "2024.07.27"]
[EventType "swiss"]
[EventRounds "9"]
[EventCountry "USA"]
[SourceTitle "EXT 2025"]
[Source "ChessBase"]
[SourceDate "2024.10.14"]
[SourceVersion "1"]
[SourceVersionDate "2024.10.14"]
[SourceQuality "1"]

1. c4 c6 2. Nc3 d5 3. cxd5 cxd5 4. d4 Nf6 5. Nf3 Nc6 6. Bf4 Bf5 7. e3 e6 8. Bd3 Bg6 9. 0-0 Bd6 10. Bxd6 Qxd6 11. Bxg6 hxg6 12. h3 Rh5 13. Re1 0-0-0 14. Rc1 Kb8 15. a3 g5 16. Nb5 Qe7 17. Ne5 Rc8 18. b4 Rhh8 19. Nxc6+ bxc6 20. Nc3 Qd6 21. e4 dxe4 22. Nxe4 Nxe4 23. Rxe4 Rhd8 24. Rc5 f5 25. Ree5 Rc7 26. Qb3 Qxd4 27. Qxe6 Qa1+ 28. Re1 Rd1 29. Rce5 Rcd7 30. R5e3 f4 31. Re5 Kc7 32. Kh2 Rxe1 33. Rxe1 Qxa3 34. Qe5+ Kb7 35. Re2 Qd3 36. Ra2 Qd5 37. Qe2 f3 38. gxf3 Qb5 39. Qe1 Qd5 40. Ra3 Qd2 41. Qxd2 Rxd2 42. Ra5 Rd5 43. Ra3 Kb6 44. Re3 Rd4 45. Re4 Rxe4 46. fxe4 c5 47. e5 cxb4 48. e6 Kc6 0-1

[Event "Nairobi Afzali Memorial"]
[Site "Nairobi"]
[Date "2024.05.05"]
[Round "4"]
[White "Gohil, Mehul"]
[Black "Gilruth, Peter"]
[Result "1-0"]
[WhiteElo "1950"]
[BlackElo "1999"]
[PlyCount "83"]
[EventDate "2024.05.04"]
[EventType "swiss"]
[EventRounds "4"]
[EventCountry "KEN"]
[SourceTitle "CBM 220 Extra"]
[Source "ChessBase"]
[SourceDate "2024.07.31"]
[SourceVersion "1"]
[SourceVersionDate "2024.07.31"]
[SourceQuality "1"]

1. d4 d5 2. Nf3 c6 3. e3 Bf5 4. c4 e6 5. Nc3 Nf6 6. Qb3 Qb6 7. c5 Qc7 8. Nh4 Nbd7 9. Nxf5 exf5 10. Qc2 g6 11. b4 a6 12. Bd3 Bg7 13. Bd2 0-0 14. f3 Rfe8 15. 0-0 Re7 16. Rae1 Rae8 17. a4 Nf8 18. Re2 Ne6 19. g3 Nh5 20. Rg2 Ng5 21. Ne2 Bh6 22. Kh1 Nh3 23. f4 Nf6 24. Bxf5 gxf5 25. Qxf5 Ne4 26. Bc1 Qd7 27. Qh5 Qe6 28. f5 Nef2+ 29. Rfxf2 Nxf2+ 30. Rxf2 Qf6 31. Nf4 Re4 32. Ng2 Kh8 33. Qf3 Rg8 34. Bb2 Qg5 35. Qd1 Qg4 36. Qb3 Qh3 37. Kg1 Bxe3 38. Nxe3 Rxg3+ 39. hxg3 Qxg3+ 40. Rg2 Qe1+ 41. Nf1 Rf4 42. Qd3 1-0

[Event "Kampala Kireka op"]
[Site "Kampala"]
[Date "2023.12.28"]
[Round "1"]
[White "Gilruth, Peter"]
[Black "Bolo, Ronald"]
[Result "1-0"]
[WhiteElo "1999"]
[BlackElo "1610"]
[PlyCount "65"]
[EventDate "2023.12.28"]
[EventType "swiss"]
[EventRounds "8"]
[EventCountry "UGA"]
[SourceTitle "EXT 2025"]
[Source "ChessBase"]
[SourceDate "2024.10.14"]
[SourceVersion "1"]
[SourceVersionDate "2024.10.14"]
[SourceQuality "1"]

1. e4 c5 2. Nf3 Nc6 3. c4 g6 4. d4 cxd4 5. Nxd4 Bg7 6. Be3 e6 7. Nc3 Nge7 8. Be2 b6 9. 0-0 0-0 10. Ndb5 Ba6 11. Qd2 Rb8 12. Rfd1 Rb7 13. Rac1 Bxb5 14. cxb5 Nb8 15. f4 Rc7 16. e5 Nf5 17. Bf2 h5 18. Ne4 Qc8 19. Bf3 f6 20. Nd6 Nxd6 21. exd6 Rxc1 22. Rxc1 Qd8 23. Rc7 a6 24. a4 axb5 25. axb5 f5 26. Bxb6 e5 27. fxe5 Qh4 28. Rc4 f4 29. g3 Qg5 30. Rxf4 Qxe5 31. Qd5+ Qe6 32. Rxf8+ Kxf8 33. Qxe6 1-0

[Event "KEN-chT"]
[Site "Nairobi"]
[Date "2019.11.09"]
[Round "27.1"]
[White "Gilruth, Peter"]
[Black "Oluka, Robert Mcligeyo"]
[Result "0-1"]
[WhiteElo "2132"]
[BlackElo "1395"]
[PlyCount "76"]
[EventDate "2019.02.09"]
[EventType "team-tourn"]
[EventRounds "27"]
[EventCountry "KEN"]
[SourceTitle "CBM 192 Extra"]
[Source "Chessbase"]
[SourceDate "2019.11.06"]
[SourceVersion "1"]
[SourceVersionDate "2019.11.06"]
[SourceQuality "1"]
[WhiteTeam "Nairobi CC"]
[BlackTeam "Nacha Kings"]
[WhiteTeamCountry "KEN"]
[BlackTeamCountry "KEN"]

1. d4 f5 2. c4 Nf6 3. g3 g6 4. Nf3 Bg7 5. Bg2 0-0 6. 0-0 d6 7. Nc3 c6 8. Bg5 Qc7 9. Rc1 e5 10. dxe5 dxe5 11. Bxf6 Bxf6 12. e4 Na6 13. a3 Nc5 14. Qc2 f4 15. b4 Ne6 16. b5 g5 17. bxc6 bxc6 18. h3 Nd4 19. Nxd4 exd4 20. Ne2 Be5 21. Qd3 c5 22. g4 Be6 23. f3 Rab8 24. Rb1 Qf7 25. Rxb8 Rxb8 26. Rc1 Rb2 27. Bf1 Qb7 28. Nc3 Rb3 29. Rb1 dxc3 30. Qd8+ Kf7 31. Rd1 Bd4+ 32. Rxd4 cxd4 33. Qxg5 Qe7 34. Qxf4+ Qf6 35. Qc7+ Kg8 36. Qxa7 c2 37. Qa8+ Kg7 38. Qa7+ Bf7 0-1

[Event "KEN-chT"]
[Site "Nairobi"]
[Date "2019.05.18"]
[Round "13.1"]
[White "Odhiambo, Harmony"]
[Black "Gilruth, Peter"]
[Result "0-1"]
[WhiteElo "1755"]
[BlackElo "2132"]
[PlyCount "64"]
[EventDate "2019.02.09"]
[EventType "team-tourn"]
[EventRounds "27"]
[EventCountry "KEN"]
[SourceTitle "CBM 192 Extra"]
[Source "Chessbase"]
[SourceDate "2019.11.06"]
[SourceVersion "1"]
[SourceVersionDate "2019.11.06"]
[SourceQuality "1"]
[WhiteTeam "Trojan Warriors"]
[BlackTeam "Nairobi CC"]
[WhiteTeamCountry "KEN"]
[BlackTeamCountry "KEN"]

1. e4 c5 2. Nc3 Nc6 3. f4 g6 4. Nf3 Bg7 5. Bb5 Nd4 6. Nxd4 cxd4 7. Ne2 Nf6 8. d3 Qa5+ 9. Bd2 Qxb5 10. Rb1 Qb6 11. h3 d6 12. 0-0 Nxe4 13. Be1 Nf6 14. Bf2 Nd5 15. Qd2 0-0 16. Rfe1 e5 17. fxe5 dxe5 18. Ng3 f5 19. a3 Qc6 20. Re2 Nf4 21. Be1 Nxe2+ 22. Qxe2 b6 23. Qf3 Bb7 24. Qxc6 Bxc6 25. Bd2 e4 26. dxe4 fxe4 27. Bb4 Rf7 28. Rf1 a5 29. Bd6 d3 30. cxd3 exd3 31. Rd1 Rd8 32. Rxd3 Rfd7 0-1

[Event "Nairobi Capablanca Cup 7th"]
[Site "Nairobi"]
[Date "2017.05.21"]
[Round "5"]
[White "Gilruth, Peter"]
[Black "Gohil, Mehul"]
[Result "1-0"]
[WhiteElo "2182"]
[BlackElo "2092"]
[PlyCount "49"]
[EventDate "2017.05.20"]
[EventType "swiss"]
[EventRounds "6"]
[EventCountry "KEN"]
[SourceTitle "CBM 178 Extra"]
[Source "ChessBase"]
[SourceDate "2017.06.22"]
[SourceVersion "1"]
[SourceVersionDate "2017.06.22"]
[SourceQuality "1"]

1. e4 Nf6 2. e5 Nd5 3. Nc3 Nxc3 4. bxc3 d6 5. f4 g6 6. Nf3 Bg7 7. d4 0-0 8. Be2 c5 9. 0-0 dxe5 10. fxe5 Nc6 11. Kh1 Qa5 12. Bd2 Qa4 13. Be3 Bf5 14. Bd3 Bg4 15. Rb1 Rad8 16. Rxb7 cxd4 17. cxd4 Nxd4 18. Bxd4 Rxd4 19. Rxe7 Qa3 20. Rb7 Bxe5 21. Qe1 Bxf3 22. Rxf3 Qa5 23. Rb5 Qa3 24. Rxe5 Qxa2 25. g3 1-0

[Event "KEN-ch"]
[Site "Nairobi"]
[Date "2015.12.13"]
[Round "7"]
[White "Gilruth, Peter"]
[Black "Wachira, William Wachania"]
[Result "1-0"]
[WhiteElo "2123"]
[BlackElo "2014"]
[PlyCount "75"]
[EventDate "2015.12.11"]
[EventType "swiss"]
[EventRounds "8"]
[EventCountry "KEN"]
[SourceTitle "CBM 170 Extra"]
[Source "ChessBase"]
[SourceDate "2016.02.25"]
[SourceVersion "1"]
[SourceVersionDate "2016.02.25"]
[SourceQuality "1"]

1. Nf3 Nf6 2. c4 e6 3. Nc3 d5 4. d4 Bb4 5. a3 Bxc3+ 6. bxc3 0-0 7. Bg5 b6 8. e3 Bb7 9. Bd3 c5 10. cxd5 exd5 11. Ne5 Qd6 12. Qc2 h6 13. Bf4 Qe7 14. 0-0 Na6 15. Qe2 Nc7 16. a4 Ne6 17. Bg3 Ne4 18. Qb2 Rfc8 19. a5 bxa5 20. Rxa5 Nxg3 21. hxg3 Bc6 22. Qa3 Be8 23. Ra1 Rc7 24. Be2 f6 25. Nf3 Bg6 26. Qa2 cxd4 27. cxd4 Be4 28. Qa3 Qf7 29. Nd2 Bg6 30. Bf3 Rc2 31. Bxd5 Rac8 32. Qd6 Bf5 33. Rxa7 Rc1+ 34. Nf1 Qe8 35. Rxc1 Rxc1 36. Ra8 Rc8 37. e4 Bg6 38. Ne3 1-0

[Event "Nairobi op 57th"]
[Site "Nairobi"]
[Date "2015.08.22"]
[Round "3"]
[White "Kagambi, Lawrence"]
[Black "Gilruth, Peter"]
[Result "0-1"]
[WhiteElo "1825"]
[BlackElo "2132"]
[PlyCount "66"]
[EventDate "2015.08.22"]
[EventType "swiss"]
[EventRounds "6"]
[EventCountry "KEN"]
[SourceTitle "EXT 2016"]
[Source "ChessBase"]
[SourceDate "2015.10.08"]
[SourceVersion "1"]
[SourceVersionDate "2015.10.08"]
[SourceQuality "1"]

1. e4 c6 2. d4 d5 3. Nc3 dxe4 4. Nxe4 Bf5 5. Ng3 Bg6 6. Nf3 Nf6 7. Nh4 Nbd7 8. c3 e5 9. Nxg6 hxg6 10. Bc4 Nb6 11. Bb3 exd4 12. 0-0 Bc5 13. cxd4 Qxd4 14. Qe2+ Kf8 15. Re1 Qh4 16. Qc2 Qxh2+ 17. Kf1 Bd6 18. Be3 Re8 19. Qd3 Nbd5 20. Bxd5 Nxd5 21. Ne2 Rh4 22. Ng1 Rhe4 23. Bd2 Rxe1+ 24. Rxe1 Rxe1+ 25. Bxe1 Qe5 26. Bc3 Nxc3 27. bxc3 Qd5 28. Qc2 Qc4+ 29. Ne2 Be5 30. Ke1 a5 31. g3 b5 32. Qd2 Qd5 33. Qd4 b4 0-1

[Event "Nairobi Satellite op-A"]
[Site "Nairobi"]
[Date "2015.05.02"]
[Round "6"]
[White "Gilruth, Peter"]
[Black "Nsubuga, Haruna"]
[Result "0-1"]
[WhiteElo "2162"]
[BlackElo "2131"]
[PlyCount "84"]
[EventDate "2015.04.30"]
[EventType "swiss"]
[EventRounds "8"]
[EventCountry "KEN"]
[SourceTitle "CBM 166 Extra"]
[Source "ChessBase"]
[SourceDate "2015.06.18"]
[SourceVersion "1"]
[SourceVersionDate "2015.06.18"]
[SourceQuality "1"]

1. Nf3 d5 2. d4 Nf6 3. g3 Bf5 4. Bg2 e6 5. 0-0 Be7 6. c4 c6 7. Nbd2 h6 8. b3 0-0 9. Bb2 Nbd7 10. Ne5 Qc7 11. Rc1 Bd6 12. Ndf3 Be4 13. Qd2 Bxe5 14. dxe5 Ng4 15. Qc3 h5 16. h3 Nh6 17. Ng5 Bxg2 18. Kxg2 Qd8 19. h4 Rc8 20. Rfd1 Qe7 21. cxd5 exd5 22. Qd3 g6 23. e6 Nf6 24. Nxf7 Nf5 25. Ng5 Nh7 26. Nxh7 Kxh7 27. e4 dxe4 28. Qxe4 Rce8 29. Rd7 Qxd7 30. exd7 Rxe4 31. Rd1 Rd8 32. Bf6 Ne7 33. Kf3 Re6 34. Bg5 Re5 35. Kf4 Rf5+ 36. Ke4 Rxf2 37. Rd6 Re2+ 38. Kf4 Kg7 39. Bf6+ Kf7 40. Bg5 Re6 41. Rd2 c5 42. Kf3 Nc6 0-1

[Event "Migingo Cup KEN-UGA 3rd"]
[Site "Nairobi"]
[Date "2014.03.08"]
[Round "1"]
[White "Ssegwanyi, Arthur"]
[Black "Gilruth, Peter"]
[Result "1-0"]
[WhiteElo "2281"]
[BlackElo "2207"]
[PlyCount "95"]
[EventDate "2014.03.08"]
[EventType "schev"]
[EventRounds "4"]
[EventCountry "KEN"]
[SourceTitle "EXT 2018"]
[Source "ChessBase"]
[SourceDate "2017.10.13"]
[SourceVersion "1"]
[SourceVersionDate "2017.10.13"]
[SourceQuality "1"]
[WhiteTeam "Uganda"]
[BlackTeam "Kenya"]
[WhiteTeamCountry "UGA"]
[BlackTeamCountry "KEN"]

1. e4 c5 2. b3 Nc6 3. Nf3 Nf6 4. e5 Nd5 5. Bc4 e6 6. 0-0 Be7 7. Bb2 0-0 8. Nc3 Nb6 9. Bb5 d5 10. exd6 Qxd6 11. Ne4 Qd5 12. Ng3 Nd4 13. Nxd4 cxd4 14. Bd3 f5 15. a4 a5 16. Re1 Bd7 17. Ne2 Bf6 18. Nf4 Qd6 19. Nh5 Rfe8 20. Ba3 Qc7 21. Nxf6+ gxf6 22. Qh5 Nd5 23. Bc4 Bc6 24. g3 Qf7 25. Qh4 e5 26. c3 dxc3 27. dxc3 Rad8 28. Rad1 Kh8 29. Rd2 Rd7 30. Red1 Red8 31. Bb2 Qg6 32. Bb5 Nb6 33. Rxd7 Rxd7 34. Rxd7 Bxd7 35. Bxd7 Nxd7 36. Qc4 Qe8 37. Qc7 e4 38. Bc1 b6 39. Bh6 Kg8 40. b4 axb4 41. cxb4 Kf7 42. Be3 Kg6 43. h4 Qe6 44. Qc8 Qd5 45. Qe8+ Kg7 46. Qe7+ Qf7 47. Bh6+ Kg8 48. Qd8+ 1-0

[Event "Northrift-ch op"]
[Site "Eldoret"]
[Date "2012.03.18"]
[Round "5"]
[White "Gilruth, Peter"]
[Black "Bibasa, Bob Gilbert"]
[Result "1-0"]
[WhiteElo "2180"]
[BlackElo "2160"]
[PlyCount "57"]
[EventDate "2012.03.16"]
[EventType "swiss"]
[EventRounds "6"]
[EventCountry "KEN"]
[SourceTitle "EXT 2013"]
[Source "ChessBase"]
[SourceDate "2012.11.22"]
[SourceVersion "1"]
[SourceVersionDate "2012.11.22"]
[SourceQuality "1"]

1. Nf3 Nf6 2. c4 g6 3. g3 Bg7 4. Bg2 0-0 5. 0-0 d6 6. d4 c6 7. Nc3 Qc7 8. e4 Bg4 9. h3 Bxf3 10. Bxf3 e5 11. Be3 Na6 12. Bg2 Rad8 13. Qe2 Rfe8 14. d5 c5 15. Qd2 Ra8 16. Kh2 Rf8 17. f4 Ne8 18. f5 f6 19. fxg6 hxg6 20. h4 Qe7 21. Bh3 Nac7 22. Qe2 Qf7 23. h5 gxh5 24. Rf5 Bh8 25. Rxh5 Ng7 26. Rh6 Qe7 27. Rf1 Kf7 28. Bg5 Nge8 29. Qg4 1-0

[Event "Northrift-ch op"]
[Site "Eldoret"]
[Date "2012.03.18"]
[Round "6"]
[White "Gilruth, Peter"]
[Black "Ssegwanyi, Arthur"]
[Result "1-0"]
[WhiteElo "2180"]
[BlackElo "2166"]
[PlyCount "103"]
[EventDate "2012.03.16"]
[EventType "swiss"]
[EventRounds "6"]
[EventCountry "KEN"]
[SourceTitle "EXT 2013"]
[Source "ChessBase"]
[SourceDate "2012.11.22"]
[SourceVersion "1"]
[SourceVersionDate "2012.11.22"]
[SourceQuality "1"]

1. Nf3 Nf6 2. c4 e6 3. Nc3 d5 4. d4 Be7 5. Bg5 0-0 6. e3 h6 7. Bh4 Ne4 8. Bxe7 Qxe7 9. cxd5 Nxc3 10. bxc3 exd5 11. Qb3 Be6 12. c4 dxc4 13. Bxc4 Bxc4 14. Qxc4 Nd7 15. 0-0 c5 16. Rab1 b6 17. a4 cxd4 18. exd4 Rfc8 19. Qb3 Rab8 20. Rbc1 Qd6 21. Rc4 Rxc4 22. Qxc4 Nf6 23. Rc1 Nd5 24. Ne5 Kf8 25. h4 Rd8 26. g3 Kg8 27. Re1 g6 28. Rc1 Kg7 29. Qa6 Qe7 30. Qc4 Qe6 31. Qa6 Qe7 32. Qc4 Qa3 33. Rc2 Rd6 34. Kg2 Qa1 35. Rd2 Qb1 36. Rd3 g5 37. h5 Qe1 38. Rf3 Qe4 39. Kh2 f6 40. Qc8 Qxd4 41. Ng6 Kf7 42. Qf8+ Ke6 43. Qe8+ Ne7 44. Nf8+ Kd5 45. Qb5+ Qc5 46. Rd3+ Ke5 47. f4+ gxf4 48. gxf4+ Kxf4 49. Qxc5 bxc5 50. Rxd6 Kg5 51. Nh7+ Kxh5 52. Nxf6+ 1-0

[Event "Olympiad-39"]
[Site "Khanty-Mansiysk"]
[Date "2010.10.03"]
[Round "11.1"]
[White "Kojima, Shinya"]
[Black "Gilruth, Peter"]
[Result "1-0"]
[WhiteElo "2334"]
[BlackElo "2202"]
[PlyCount "69"]
[EventDate "2010.09.21"]
[EventType "team-swiss"]
[EventRounds "11"]
[EventCountry "RUS"]
[SourceTitle "CBM 139"]
[Source "ChessBase"]
[SourceDate "2010.11.18"]
[SourceVersion "1"]
[SourceVersionDate "2010.11.18"]
[SourceQuality "1"]
[WhiteTeam "Japan"]
[BlackTeam "Kenya"]
[WhiteTeamCountry "JPN"]
[BlackTeamCountry "KEN"]

1. e4 c5 2. c3 Nf6 3. e5 Nd5 4. Nf3 Nc6 5. Bc4 Nb6 6. Bb3 c4 7. Bc2 d5 8. exd6 Qxd6 9. 0-0 Bg4 10. Re1 e6 11. b3 Be7 12. Na3 cxb3 13. axb3 0-0 14. d4 Nd5 15. Nc4 Qc7 16. h3 Bh5 17. Bd2 Bf6 18. Nce5 Bxe5 19. dxe5 Bxf3 20. Qxf3 Nxe5 21. Bxh7+ Kxh7 22. Qh5+ Kg8 23. Rxe5 Rfd8 24. Rg5 f6 25. Rg3 Nf4 26. Bxf4 Qxf4 27. Ra4 Qf5 28. Qh4 Qb1+ 29. Kh2 Rd1 30. Rxg7+ Kxg7 31. Rg4+ Kf7 32. Qh5+ Ke7 33. Qc5+ Rd6 34. Qc7+ Rd7 35. Rg7+ 1-0

[Event "Olympiad-39"]
[Site "Khanty-Mansiysk"]
[Date "2010.09.29"]
[Round "8.1"]
[White "Gilruth, Peter"]
[Black "Soares, Erikson Roberto Mau"]
[Result "1-0"]
[WhiteElo "2202"]
[BlackElo "2252"]
[PlyCount "84"]
[EventDate "2010.09.21"]
[EventType "team-swiss"]
[EventRounds "11"]
[EventCountry "RUS"]
[SourceTitle "CBM 139"]
[Source "ChessBase"]
[SourceDate "2010.11.18"]
[SourceVersion "1"]
[SourceVersionDate "2010.11.18"]
[SourceQuality "1"]
[WhiteTeam "Kenya"]
[BlackTeam "Angola"]
[WhiteTeamCountry "KEN"]
[BlackTeamCountry "ANG"]

1. Nf3 Nf6 2. c4 g6 3. Nc3 Bg7 4. e4 c5 5. d4 cxd4 6. Nxd4 d6 7. Be2 Nc6 8. Be3 0-0 9. 0-0 Bd7 10. Rc1 Ne5 11. h3 Rc8 12. b3 Bc6 13. f4 Ned7 14. Bf3 Qa5 15. Qe2 Nc5 16. Bf2 e5 17. Ndb5 exf4 18. Nxd6 Rcd8 19. Rfd1 Nh5 20. Ncb5 Ng3 21. Qc2 Ne6 22. Nxa7 Nd4 23. Nxc6 bxc6 24. Bxd4 Bxd4+ 25. Rxd4 Rxd6 26. Rxd6 Qc5+ 27. Qf2 Qxd6 28. Rd1 Qa3 29. e5 Re8 30. Bxc6 Rxe5 31. Bf3 h5 32. Qd4 Rf5 33. Kh2 g5 34. Re1 Qf8 35. Bc6 Qg7 36. Qxg7+ Kxg7 37. a4 g4 38. b4 Rf6 39. b5 Rd6 40. Bd5 Nf5 41. a5 f3 42. gxf3 Rd7 1-0

[Event "Olympiad-39"]
[Site "Khanty-Mansiysk"]
[Date "2010.09.23"]
[Round "3.1"]
[White "Gilruth, Peter"]
[Black "Faulks, Nick"]
[Result "1-0"]
[WhiteElo "2202"]
[BlackElo "2109"]
[PlyCount "59"]
[EventDate "2010.09.21"]
[EventType "team-swiss"]
[EventRounds "11"]
[EventCountry "RUS"]
[SourceTitle "CBM 139"]
[Source "ChessBase"]
[SourceDate "2010.11.18"]
[SourceVersion "1"]
[SourceVersionDate "2010.11.18"]
[SourceQuality "1"]
[WhiteTeam "Kenya"]
[BlackTeam "Bermuda"]
[WhiteTeamCountry "KEN"]
[BlackTeamCountry "BER"]

1. Nf3 c5 2. c4 Nf6 3. Nc3 e6 4. g3 b6 5. Bg2 Bb7 6. 0-0 Be7 7. Re1 d6 8. e4 0-0 9. d4 cxd4 10. Nxd4 Qc7 11. b3 a6 12. Bb2 Nbd7 13. Qe2 Rfe8 14. Rad1 Bf8 15. h3 Rad8 16. Kh2 g6 17. Nc2 h5 18. f4 h4 19. g4 g5 20. Qf2 Bh6 21. Kh1 Qc5 22. Qxc5 dxc5 23. f5 exf5 24. exf5 Bxg2+ 25. Kxg2 Bg7 26. Rxe8+ Rxe8 27. Re1 Rxe1 28. Nxe1 Ne4 29. Nxe4 Bxb2 30. Nxg5 1-0

[Event "Olympiad-38"]
[Site "Dresden"]
[Date "2008.11.14"]
[Round "2"]
[White "Mannhart, Marcel"]
[Black "Gilruth, Peter"]
[Result "1/2-1/2"]
[WhiteElo "2154"]
[BlackElo "2185"]
[PlyCount "96"]
[EventDate "2008.11.13"]
[EventType "team-swiss"]
[EventRounds "11"]
[EventCountry "GER"]
[SourceTitle "CBM 128"]
[Source "ChessBase"]
[SourceDate "2009.01.28"]
[SourceVersion "1"]
[SourceVersionDate "2009.01.28"]
[SourceQuality "1"]
[WhiteTeam "Liechtenstein"]
[BlackTeam "Kenya"]
[WhiteTeamCountry "LIE"]
[BlackTeamCountry "KEN"]

1. Nc3 d5 2. e4 c6 3. Qe2 d4 4. Nd1 c5 5. d3 Nc6 6. g3 e5 7. Bg2 Bd6 8. f3 Nge7 9. Nf2 0-0 10. Ngh3 Kh8 11. 0-0 f5 12. exf5 Bxf5 13. Ne4 Qd7 14. Nhf2 Nd5 15. a3 Rae8 16. Bd2 b6 17. Nxd6 Qxd6 18. Ne4 Qd7 19. Rae1 h6 20. Qd1 Rf7 21. Qc1 Kh7 22. Nf2 Bg6 23. Bh3 Qd8 24. Ne4 Ref8 25. Bg2 Bh5 26. f4 exf4 27. gxf4 Nce7 28. Ng3 Bg6 29. Rf2 Nf5 30. Nxf5 Bxf5 31. Re5 Ne7 32. Qf1 Ng6 33. Re1 Qh4 34. Be4 Kh8 35. Bxf5 Rxf5 36. Re4 Qg4+ 37. Qg2 Qd1+ 38. Re1 Qh5 39. Re4 Nh4 40. Qf1 Qg4+ 41. Kh1 R8f6 42. Qe2 Qxe2 43. Rexe2 g5 44. Kg1 gxf4 45. Re7 f3 46. c3 a5 47. cxd4 cxd4 48. Re4 Ng2 1/2-1/2

[Event "World op 34th"]
[Site "Philadelphia"]
[Date "2006.07.03"]
[Round "6"]
[White "Gilruth, Peter"]
[Black "Bick, John D"]
[Result "0-1"]
[WhiteElo "2249"]
[BlackElo "2238"]
[PlyCount "84"]
[EventDate "2006.06.28"]
[EventType "swiss"]
[EventRounds "9"]
[EventCountry "USA"]
[SourceTitle "CBM 112 Extra"]
[Source "ChessBase"]
[SourceDate "2006.07.14"]
[SourceVersion "1"]
[SourceVersionDate "2006.07.14"]
[SourceQuality "1"]

1. Nf3 Nf6 2. c4 e6 3. Nc3 Bb4 4. Qc2 b6 5. a3 Bxc3 6. Qxc3 0-0 7. d4 c5 8. dxc5 bxc5 9. Bg5 Bb7 10. e3 h6 11. Bxf6 Qxf6 12. Qxf6 gxf6 13. Be2 Na6 14. 0-0-0 Bc6 15. Nh4 Rab8 16. Bf3 Ba4 17. Rd2 Rb6 18. Bd1 Bc6 19. Bf3 Ba4 20. g3 Rd8 21. Ng2 Bb3 22. Be2 Nb8 23. Nf4 Kf8 24. Re1 d6 25. Bd3 Nc6 26. e4 Ne5 27. Be2 Ke7 28. h4 Rdb8 29. Ng2 Bxc4 30. Ne3 Bxe2 31. Rexe2 Rb3 32. Nd1 Nd3+ 33. Kb1 Rxa3 34. Re3 c4 35. Rc2 Ra4 36. Nc3 Rab4 37. Nd1 R8b6 38. f3 Ra6 39. Nc3 Nc5 40. g4 Nb3 41. Na2 Rxa2 42. Rxc4 Ra1+ 0-1

[Event "Atlantic op 35th"]
[Site "Washington DC"]
[Date "2004.08.28"]
[Round "3"]
[White "Gilruth, Peter"]
[Black "Formanek, Edward W"]
[Result "1/2-1/2"]
[WhiteElo "2209"]
[BlackElo "2298"]
[PlyCount "53"]
[EventDate "2004.08.27"]
[EventType "swiss"]
[EventRounds "6"]
[EventCountry "USA"]
[SourceTitle "CBM 102 Extra"]
[Source "ChessBase"]
[SourceDate "2004.11.03"]
[SourceVersion "1"]
[SourceVersionDate "2004.11.03"]
[SourceQuality "1"]

1. Nf3 d5 2. d4 Nc6 3. c4 Bg4 4. cxd5 Bxf3 5. gxf3 Qxd5 6. e3 e5 7. Nc3 Bb4 8. Bd2 Bxc3 9. bxc3 Nge7 10. Be2 0-0 11. Qb3 Qxb3 12. axb3 Rfd8 13. Ra4 a6 14. 0-0 Rd6 15. b4 Rad8 16. b5 axb5 17. Bxb5 Nf5 18. Be2 Nh4 19. Bc1 g5 20. Kh1 h6 21. Rg1 Kh7 22. Ba3 R6d7 23. Rb1 Re8 24. Rd1 Red8 25. Rb1 Re8 26. Rd1 Red8 27. Rb1 1/2-1/2